000 01211nam a2200265Ia 4500
001 officepolitics00shee
003 CaSfIA
005 20210118194151.0
007 cr||||
008 950724t19671966nyu 000 0 eng d
040 _aTOL
_cTOL
_dCaSfIA
035 _a(OCoLC)32865004
090 _aPR6069.H396
_bO3x 1967
100 1 _aSheed, Wilfrid.
245 1 0 _aOffice politics /
_h[electronic resource]
_cWilfrid Sheed.
260 _aNew York :
_bPocket Books,
_c1967, c1966.
300 _a249 p. ;
_c18 cm.
500 _a"First printing, November 1967."
500 _aOwnership signature on the front free endpaper : "Fred Lutz/Jan. 1968."
856 4 1 _uhttp://www.archive.org/details/officepolitics00shee
_zFree eBook from the Internet Archive
856 4 2 _uhttp://www.openlibrary.org/books/OL24215674M
_zAdditional information and access via Open Library
942 _cEB
506 _fНеобхідна авторизація на https://archive.org/ (створення облікового запису безкоштовно)
506 _fНеобхідна авторизація на https://openlibrary.org/ (створення облікового запису безкоштовно)
999 _c532230
_d532230